Statistics for The Killers Most Listened Songs

Click here to take the quiz!

General Stats

  • This quiz has been taken 50 times
  • The average score is 11 of 20

Answer Stats

HintAnswer% Correct
1.Mr Brightside
100%
4.Human
88%
2.Somebody Told Me
83%
3.When You Were Young
81%
10.Jenny was a Friend of Mine
71%
8.The Man
67%
6.All These Things That I've Done
64%
11.Spaceman
62%
7.Smile Like you Mean it
60%
5.Read My Mind
57%
19.Sam's Town
57%
17.Miss Atomic Bomb
50%
13.Runaways
45%
16.A Dustland Fairytale
40%
9.Caution
31%
15.Run For Cover
31%
18.Battle Born
21%
14.For Reasons Unknown
21%
12.My Own Soul's Warning
21%
20.On Top
21%

Score Distribution

Percentile by Number Answered

Percent of People with Each Score

Your Score History

You have not taken this quiz